书目信息 |
| 题名: |
汉语史论稿
|
|
| 作者: | 杨永龙 著 | |
| 分册: | ||
| 出版信息: | 北京 中国社会科学出版社 2009.02 |
|
| 页数: | 355页 | |
| 开本: | 21cm | |
| 丛书名: | ||
| 单 册: | ||
| 中图分类: | H1-09 | |
| 科图分类: | ||
| 主题词: | 汉语史--han yu shi--文集 | |
| 电子资源: | ||
| ISBN: | 978-7-5004-7622-1 | |
| 000 | 00803nam0 2200253 450 | |
| 001 | 012009398258 | |
| 005 | 20091128163045.43 | |
| 010 | @a978-7-5004-7622-1@dCNY28.00 | |
| 100 | @a20091128d2009 em y0chiy0120 ea | |
| 101 | 0 | @achi |
| 102 | @aCN@b110000 | |
| 105 | @ay a 000yy | |
| 106 | @ar | |
| 200 | 1 | @a汉语史论稿@Ahan yu shi lun gao@f杨永龙著@Fyang yong long zhu |
| 210 | @a北京@c中国社会科学出版社@d2009.02 | |
| 215 | @a355页@d21cm | |
| 300 | @a获河南大学特聘教授启动基金资助 | |
| 320 | @a有书目 | |
| 330 | @a本书主要收录了笔者2000年以来发表的汉语语法史方面的论文,同时也选收了了几篇语音、文字、训诂方面的文章。 | |
| 606 | 0 | @a汉语史@Ahan yu shi@j文集 |
| 690 | @aH1-09@v4 | |
| 701 | 0 | @a杨永龙@Ayang yong long@4著 |
| 801 | 0 | @aCN@bQSSK@c20091128 |
| 905 | @b767315-17@dH1-09@eY323@f3 | |
| 汉语史论稿/杨永龙著.-北京:中国社会科学出版社,2009.02 |
| 355页;21cm |
| 获河南大学特聘教授启动基金资助 |
| ISBN 978-7-5004-7622-1:CNY28.00 |
| 本书主要收录了笔者2000年以来发表的汉语语法史方面的论文,同时也选收了了几篇语音、文字、训诂方面的文章。 |
| ● |
| 相关链接 |
|
|
|
正题名:汉语史论稿
索取号:H1-09/Y323
 
预约/预借
| 序号 | 登录号 | 条形码 | 馆藏地/架位号 | 状态 | 备注 |
| 1 | 767315 | 207673150 | 语言库209/209语言库 70排1列2层/ [索取号:H1-09/Y323] | 在馆 | |
| 2 | 767316 | 207673169 | 语言库209/209语言库 70排1列2层/ [索取号:H1-09/Y323] | 在馆 | |
| 3 | 767317 | 207673178 | 语言库209/209语言库 70排1列2层/ [索取号:H1-09/Y323] | 在馆 |